[Event "Estadual de Mestres FEXERJ 2024"]
[Site "Rio de Janeiro"]
[Date "2024.05.30"]
[Round "1"]
[White "Laba, Otavio De Souza"]
[Black "Rangel, Daniel"]
[Result "0-1"]
[WhiteElo "1879"]
[BlackElo "2160"]
[PlyCount "48"]
[GameId "501081799499"]
[EventDate "2024.05.30"]
[EventRounds "6"]
[EventCountry "BRA"]

1. d4 Nf6 2. c4 e6 3. Nf3 d5 4. g3 Be7 5. Bg2 O-O 6. O-O a5 7. Nc3 c6 8. b3 b6 9. cxd5 $146 ({RR} 9. Ne5 Ba6 10. e4 Bb4 11. Bb2 Bxc3 12. Bxc3 Nxe4 13. Bxe4 dxe4 14. Qg4 f5 15. Qe2 b5 16. f3 Nd7 17. Bxa5 Qxa5 18. Nxd7 bxc4 19. bxc4 Rfd8 20. Nc5 Qc3 21. Nxa6 Rxa6 22. Rad1 e3 23. Rd3 Qxc4 {0-1 Neuman,P (2429)-Stocek,J (2531) ch-CZE 2024 Ostrava CZE (8.3)}) ({RR} 9. Bb2 Ba6 10. Nd2 b5 11. c5 b4 12. Na4 Nbd7 13. Re1 Bb5 14. Qc2 Qc7 15. Rad1 Rad8 16. f4 Qa7 17. Bc1 Qa6 18. Bf3 g6 19. Nb2 Rfe8 20. Nf1 Ne4 21. Bxe4 dxe4 22. Qxe4 f5 23. Qc2 Nf6 {1-0 Duda,J (2732)-Aravindh,C (2646) World Blitz 2023 Samarkand UZB (11.12)}) ({RR} 9. Bb2 Ba6 10. Rc1 Nbd7 11. cxd5 cxd5 12. a4 Rc8 13. Nb5 Rxc1 14. Bxc1 Ne4 15. Qd3 Qa8 16. Bb2 Bb4 17. Rc1 Rc8 18. Rxc8+ Qxc8 19. e3 g5 20. Ne5 f6 21. Nxd7 Qxd7 22. f3 Nd6 23. Bf1 Qc6 {1-0 Hoerstmann,R (2198)-Tica,S (2444) Bundesliga 2023-24 Hannover GER (14.1)}) ({RR} 9. Qd3 Ba6 10. Rd1 b5 11. cxb5 cxb5 12. Nxb5 Nc6 13. a4 Ne4 14. Bb2 Nb4 15. Qb1 Rc8 16. e3 h5 17. Ne5 Nf6 18. Rc1 Qb6 19. Bf1 g6 20. Ba3 Kg7 21. Qb2 h4 22. Rxc8 Rxc8 23. Rc1 hxg3 {0-1 Salvador Cabo,C (2011)-Alsina Leal,D (2494) 44th San Sebastian Open Donostia ESP 2024 (2.1)}) 9... cxd5 10. Bf4 Ba6 11. Re1 Bb4 12. Bd2 Nc6 13. a3 Bd6 14. e4 Nxe4 15. Nxe4 dxe4 16. Ng5 Be7 17. Nxh7 Re8 18. Bxe4 Nxd4 19. Qh5 f5 20. Bh6 fxe4 21. Qg6 Bf6 22. Ng5 Nf3+ 23. Nxf3 exf3 24. Rad1 Qe7 0-1

[Event "Estadual de Mestres FEXERJ 2024"]
[Site "Rio de Janeiro"]
[Date "2024.05.30"]
[Round "1"]
[White "Guimaraes, Wagner Peixoto"]
[Black "Barros, Angelo Costa"]
[Result "1/2-1/2"]
[WhiteElo "2140"]
[BlackElo "1825"]
[PlyCount "101"]
[GameId "501081799616"]
[EventDate "2024.05.30"]
[EventRounds "6"]
[EventCountry "BRA"]

1. e4 c5 2. Nf3 d6 3. Bb5+ Nd7 4. d4 cxd4 5. Qxd4 Ngf6 6. O-O e5 7. Qd3 h6 8. c4 Be7 $146 ({RR} 8... a6 9. Bxd7+ Bxd7 10. Nc3 Be7 11. Rd1 Rc8 12. b3 O-O 13. a4 Be6 14. Ba3 Qa5 15. Rac1 b5 16. Qd2 b4 17. Nd5 Bxd5 18. exd5 Rb8 19. Re1 Qc5 20. Bb2 Bd8 21. Rc2 Nd7 22. Rf1 Bb6 23. Kh1 {0-1 Press,H (2124)-Le,T (2261) Melbourne Int Open 2024 Melbourne AUS (3.7)}) 9. Be3 O-O 10. Nc3 a6 11. Ba4 Nb6 12. Bb3 Be6 13. Rfd1 Qc7 14. Nd5 Bxd5 15. cxd5 Rfc8 16. Rac1 Qd8 17. Nh4 Ng4 18. Rxc8 Rxc8 19. Nf5 Nxe3 20. Qxe3 Bf8 21. Rc1 Nd7 22. Rc3 Kh7 23. Qf3 g6 24. Ng3 Kg7 25. Qg4 Rxc3 26. bxc3 Qc7 27. h3 Nf6 28. Qf3 Be7 29. Nf1 Qc5 30. Ne3 Bd8 31. g3 Kf8 32. Ng4 Nxg4 33. hxg4 Bb6 34. Qf6 Kg8 35. Qf3 Kg7 36. Kg2 Ba5 37. c4 Bb6 38. Kg1 Qd4 39. Kg2 Qd2 40. Kf1 Kf8 41. Qe2 Qd4 42. Kg2 Ke7 43. Kg1 Qa1+ 44. Kg2 Bd4 45. Qd2 Kd7 46. Qe2 Qc1 47. Qf3 Ke7 48. Qe2 Qc3 49. Kh2 Kd8 50. Kg2 Ke7 51. Qd1 1/2-1/2

[Event "Estadual de Mestres FEXERJ 2024"]
[Site "Rio de Janeiro"]
[Date "2024.05.30"]
[Round "1"]
[White "Mesquita, Arnaldo Leite"]
[Black "De Albuquerque, Ian Telek Cavalcant"]
[Result "0-1"]
[WhiteElo "1821"]
[BlackElo "2133"]
[PlyCount "77"]
[GameId "501081799617"]
[EventDate "2024.05.30"]
[EventRounds "6"]
[EventCountry "BRA"]

1. Nf3 c5 2. c4 Nf6 3. Nc3 Nc6 4. g3 d5 5. cxd5 Nxd5 6. Bg2 Nc7 7. O-O e5 8. d3 Be7 9. Nd2 Be6 10. b3 $146 ({RR} 10. Bxc6+ bxc6 11. b3 O-O 12. Ba3 Nb5 13. Bb2 f5 14. Nxb5 cxb5 15. Bxe5 a5 16. a4 Qd5 17. f4 c4 18. bxc4 bxc4 19. Nxc4 Bc5+ 20. e3 Rfd8 21. d4 Ba7 22. Nd2 Rac8 23. Qf3 Qd7 24. Rfc1 Bd5 {0-1 Zou,C (2449)-Momin Fayzan (1950) Titled Tue 26th Mar Early chess.com INT 2024 (9)}) 10... O-O 11. Bb2 Qd7 12. Re1 Rac8 13. Rc1 b6 14. Nc4 f6 15. a4 Nd4 16. e3 Nxb3 17. Qxb3 Qxd3 18. Nxe5 fxe5 19. Qc2 Rcd8 20. Ne4 Qxc2 21. Rxc2 Bf6 22. Rcc1 Nd5 23. a5 Nb4 24. Bf1 Nd3 25. Bxd3 Rxd3 26. axb6 axb6 27. Nxf6+ gxf6 28. Ra1 b5 29. f4 Rd2 30. Bc3 Rc2 31. Rec1 Rxc1+ 32. Rxc1 b4 33. Bb2 c4 34. fxe5 c3 35. Bxc3 bxc3 36. Rxc3 fxe5 37. Rc5 Bh3 38. Rc1 Kg7 39. e4 0-1

[Event "Estadual de Mestres FEXERJ 2024"]
[Site "Rio de Janeiro"]
[Date "2024.05.30"]
[Round "1"]
[White "Salles, Marvio Darilho"]
[Black "Leal, Kaue Dos Santos"]
[Result "1-0"]
[WhiteElo "2072"]
[BlackElo "1781"]
[PlyCount "62"]
[GameId "501081799618"]
[EventDate "2024.05.30"]
[EventRounds "6"]
[EventCountry "BRA"]

1. e4 c5 2. Nc3 Nc6 3. g3 g6 4. Bg2 Bg7 5. f4 d6 6. Nf3 Nf6 $146 ({RR} 6... Nd4 7. Ne2 Nxf3+ 8. Bxf3 Nh6 9. h3 Bd7 10. d3 Bc6 11. c3 f5 12. O-O Qd7 13. Kh2 Qe6 14. Qc2 Rc8 15. Bd2 c4 16. exf5 Nxf5 17. Bxc6+ bxc6 18. Rae1 h5 19. d4 Qd5 20. Ng1 Bf6 21. Nf3 {0-1 Hernandez Meilan Manuel (1684)-Mora Heredia,Y (1949) Gilberto Garcia Mem Elite Havana CUB 2024 (9.4)}) 7. O-O a6 8. a4 O-O 9. d3 Qc7 10. h3 b6 11. Nh4 Bb7 12. g4 Nd4 13. Ne2 Nxe2+ 14. Qxe2 Nd7 15. f5 b5 16. c3 b4 17. Bd2 a5 18. Rab1 Nb6 19. cxb4 axb4 20. b3 Nd7 21. Nf3 Ba6 22. Bf4 Rad8 23. Nd2 Ne5 24. Nc4 Nc6 25. Kh1 Nd4 26. Qd1 Bb7 27. Rf2 Bc6 28. Qf1 Qa7 29. Ne3 Ba8 30. Nc4 Nc6 31. Bg5 Ne5 1-0

[Event "Estadual de Mestres FEXERJ 2024"]
[Site "Rio de Janeiro"]
[Date "2024.05.30"]
[Round "1"]
[White "Machado, Wallace Fernandes"]
[Black "Fernandes, Silas Carvalho"]
[Result "0-1"]
[WhiteElo "1767"]
[BlackElo "2043"]
[PlyCount "82"]
[GameId "501081799619"]
[EventDate "2024.05.30"]
[EventRounds "6"]
[EventCountry "BRA"]

1. e4 c5 2. Nf3 d6 3. d4 cxd4 4. Nxd4 Nf6 5. Nc3 a6 6. Be2 e5 7. Nb3 Be6 8. Bg5 Nbd7 9. O-O Be7 10. Qd2 O-O $146 ({RR} 10... b5 11. Bf3 Bc4 12. Rfd1 b4 13. Bxf6 Nxf6 14. Ne2 a5 15. Qe3 Nd7 16. Ng3 g6 17. Nd2 Be6 18. a3 O-O 19. axb4 axb4 20. Nb3 Qc7 21. Qd2 Rac8 22. Rdc1 Nc5 23. Nxc5 dxc5 24. c4 Rfd8 25. Qe3 {½-½ Busig,X-Culbeaux Tello,O (2098) ch-IRL 50+ 2024 Dublin IRL (2)}) 11. Rad1 Re8 12. Kh1 Rc8 13. f4 Qc7 14. Bf3 b5 15. a3 exf4 16. Nd4 Ne5 17. Nxe6 fxe6 18. Be2 Nc4 19. Bxc4 Qxc4 20. Qxf4 b4 21. axb4 Qxb4 22. Rb1 Rf8 23. Qd2 a5 24. Qe2 Qc5 25. Be3 Qc6 26. Bd2 Qc5 27. Be3 Qc4 28. Qd3 a4 29. Bd2 Qc6 30. Ra1 Ra8 31. Qd4 Rfc8 32. Ra2 Nd7 33. Qe3 Rf8 34. Qe2 Nc5 35. Rxf8+ Rxf8 36. Ra1 Bf6 37. Qg4 Bxc3 38. Bxc3 Rf7 39. Bd4 Qxe4 40. Qxe4 Nxe4 41. Rxa4 Rf1+ 0-1

[Event "Estadual de Mestres FEXERJ 2024"]
[Site "Rio de Janeiro"]
[Date "2024.05.30"]
[Round "1"]
[White "Manzi, Luiz Antonio B."]
[Black "Silva, Guilherme de Moura"]
[Result "1/2-1/2"]
[WhiteElo "1975"]
[BlackElo "1816"]
[PlyCount "69"]
[GameId "501081799620"]
[EventDate "2024.05.30"]
[EventRounds "6"]
[EventCountry "BRA"]

1. Nf3 c5 2. g3 Nc6 3. Bg2 e6 4. c4 Nf6 5. O-O d5 6. cxd5 exd5 7. d4 h6 8. Nc3 Be6 9. Re1 $146 ({RR} 9. Qa4 Be7 10. Rd1 O-O 11. Bf4 g5 12. Be5 Nd7 13. e4 Ndxe5 14. Nxe5 Nxd4 15. exd5 Bf5 16. Nb5 Bc2 17. b3 Ne2+ 18. Kf1 Bxd1 19. Rxd1 a6 20. Qe4 axb5 21. Qxe2 Bf6 22. Ng4 Bg7 23. Qxb5 f5 {0-1 Lasschuit,R (1762)-Holinka,H (2198) HSK Easter Open 2024 Hamburg GER (1.3)}) ({RR} 9. dxc5 Bxc5 10. Na4 Be7 11. Be3 Qa5 12. Nd4 O-O 13. Rc1 Rac8 14. Nxc6 bxc6 15. Bc5 Rfe8 16. Bxe7 Rxe7 17. Rc5 Qb4 18. b3 Ne4 19. Bxe4 Qxe4 20. Qd3 Qxd3 21. exd3 Bh3 22. Rb1 Rce8 23. Rcc1 Re2 {½-½ Principe,G (2158)-Alcazar Jimenez,J (2147) Titled Tue 6th Feb Late chess.com INT 2024 (1)}) 9... Be7 10. h3 O-O 11. Be3 cxd4 12. Nxd4 Qd7 13. Kh2 Rfd8 14. Rc1 Rac8 15. Rf1 a6 16. Qd3 Ne5 17. Qb1 Nc4 18. Rcd1 Nxe3 19. fxe3 Bd6 20. Rc1 Nh5 21. Rf3 Bxg3+ 22. Kg1 Bxh3 23. Rcf1 Bxg2 24. Kxg2 Qg4 25. Qf5 Qg5 26. Qxf7+ Kh8 27. Ne6 Qg4 28. Qf5 Qxf5 29. Rxf5 Re8 30. Rxh5 Rxe6 31. Kxg3 Rxe3+ 32. Rf3 Rxf3+ 33. Kxf3 Rf8+ 34. Kg3 d4 35. Nd1 1/2-1/2

[Event "Estadual de Mestres FEXERJ 2024"]
[Site "Rio de Janeiro"]
[Date "2024.05.30"]
[Round "1"]
[White "Da Silva, Pedro Oliveira"]
[Black "Yunes, David Teles"]
[Result "0-1"]
[WhiteElo "1800"]
[BlackElo "1975"]
[PlyCount "110"]
[GameId "501081799621"]
[EventDate "2024.05.30"]
[EventRounds "6"]
[EventCountry "BRA"]

1. e4 c5 2. Nf3 g6 3. Nc3 Bg7 4. d4 cxd4 5. Nxd4 Nc6 6. Ndb5 $146 ({RR} 6. Nxc6 dxc6 7. Qxd8+ Kxd8 8. a4 Bxc3+ 9. bxc3 Nf6 10. f3 b6 11. Bf4 Ke8 12. O-O-O Be6 13. Ba6 Rd8 14. Bc7 Rd7 15. Be5 Rg8 16. Rd4 Rxd4 17. cxd4 Nd7 18. Bc7 f5 19. Kd2 fxe4 20. fxe4 Nf6 {0-1 Vakhlamov,I (2413)-Shkuran,D (2329) Titled Tue 23rd Jan Early chess.com INT 2024 (10)}) 6... a6 7. Na3 Nf6 8. Bf4 O-O 9. Nc4 d6 10. Qd2 b5 11. Ne3 b4 12. Na4 Be6 13. e5 Nh5 14. Nc4 Nxf4 15. Qxf4 dxe5 16. Qc1 Bxc4 17. Bxc4 Qa5 18. b3 Nd4 19. O-O Rad8 20. Qd1 Rfe8 21. Qd3 Rd6 22. Rac1 Red8 23. Qe3 e6 24. f4 exf4 25. Qxf4 Nf5 26. Qf3 Qc7 27. c3 Rd2 28. Rf2 bxc3 29. Kh1 Nh4 30. Qf4 Qxf4 31. Rxf4 Nxg2 32. Rf3 Nh4 33. Rff1 Be5 34. Nxc3 Rxh2+ 35. Kg1 Rg2+ 36. Kh1 Bxc3 37. Rf4 Rdd2 38. Rxc3 Nf5 39. Rff3 Rh2+ 40. Kg1 Rdg2+ 41. Kf1 Rxa2 42. Kg1 Rhd2 43. Bf1 Nd4 44. Rf4 Ne2+ 45. Bxe2 Rxe2 46. Rc8+ Kg7 47. Rc7 Re1+ 48. Rf1 Rxf1+ 49. Kxf1 h5 50. Ra7 h4 51. b4 Rb2 52. Rxa6 Rxb4 53. Kg2 Rb3 54. Ra1 e5 55. Rg1 Rg3+ 0-1

[Event "Estadual de Mestres FEXERJ 2024"]
[Site "Rio de Janeiro"]
[Date "2024.05.30"]
[Round "1"]
[White "Fucs, Paulo Moses"]
[Black "E Silva, Samuel Batista"]
[Result "1-0"]
[WhiteElo "1971"]
[BlackElo "1800"]
[PlyCount "69"]
[GameId "501081799622"]
[EventDate "2024.05.30"]
[EventRounds "6"]
[EventCountry "BRA"]

1. c4 e6 2. Nf3 Nf6 3. g3 d5 4. Bg2 c5 5. O-O Be7 6. d4 O-O 7. Na3 $146 ({RR} 7. Nc3 cxd4 8. Nxd4 e5 9. Nb3 d4 10. Nd5 Nxd5 11. cxd5 Nd7 12. f4 f6 13. e3 Qb6 14. exd4 a5 15. a4 exf4 16. Bxf4 Ne5 17. Kh1 Bg4 18. Qc2 Ng6 19. Bc7 Rfc8 20. Bxb6 Rxc2 21. Rab1 Be2 {½-½ Becker,R (2114)-Felizes,P (1855) 10th Floripa Open 2024 Florianopolis BRA (7.50)}) ({RR} 7. Bg5 cxd4 8. Nxd4 Nc6 9. Nxc6 bxc6 10. Nc3 Ba6 11. cxd5 cxd5 12. Re1 h6 13. Be3 Rb8 14. Rb1 Qa5 15. Bd4 Rfc8 16. e3 Rb7 17. h4 Rcb8 18. Qc2 Rc8 19. g4 Nxg4 20. Bf3 Nf6 21. Kh2 Qc7+ {0-1 Rosenberg,E (1989)-Abdi,F (2068) Titled Tue 2nd Apr Early chess.com INT 2024 (8)}) ({RR} 7. Nc3 cxd4 8. Nxd4 e5 9. Nb3 d4 10. Nd5 Nxd5 11. Bxd5 Nc6 12. e3 Nb4 13. Bg2 d3 14. Bd2 Be6 15. Bc3 f6 16. Nd2 Nc6 17. Qa4 Qd7 18. b4 Nd4 19. Qxd7 Ne2+ 20. Kh1 Bxd7 21. Nb1 Nxc3 {0-1 Welford-Ranson,F-Banerjee,S (1984) Hastings Weekend Open Hastings ENG 2024 (5.4)}) 7... a6 8. dxc5 Bxc5 9. Qb3 b6 10. Bg5 Bb7 11. Rad1 d4 12. e3 Nc6 13. exd4 Nxd4 14. Nxd4 Bxg2 15. Nf3 Qc7 16. Kxg2 Ne4 17. Qd3 Qc6 18. Qd7 Qxd7 19. Rxd7 Rac8 20. Be7 Bxe7 21. Rxe7 Rfd8 22. h4 h6 23. Rb7 Rb8 24. Rxb8 Rxb8 25. Rd1 Nc5 26. Ne5 Na4 27. Rd2 b5 28. b3 Nc3 29. Rc2 b4 30. Nc6 Rb6 31. Nxb4 Nxa2 32. Nxa2 Rxb3 33. c5 Rb8 34. c6 Rc8 35. Nb4 1-0

[Event "Estadual de Mestres FEXERJ 2024"]
[Site "Rio de Janeiro"]
[Date "2024.05.30"]
[Round "1"]
[White "Guttler, Bruno Cravo"]
[Black "Dias, Matheus Braga"]
[Result "0-1"]
[WhiteElo "1782"]
[BlackElo "1960"]
[PlyCount "86"]
[GameId "501081799623"]
[EventDate "2024.05.30"]
[EventRounds "6"]
[EventCountry "BRA"]

1. d4 Nf6 2. e3 g6 3. Bd3 Bg7 4. f4 c5 5. c3 $146 ({RR} 5. Nf3 O-O 6. O-O b6 7. Nbd2 Ba6 8. Bxa6 Nxa6 9. c3 Nc7 10. e4 cxd4 11. cxd4 d6 12. Qe2 Rc8 13. Nb3 Qd7 14. e5 Nfd5 15. Kh1 Qb5 16. Qe1 a5 17. Ng5 Nb4 18. Qf2 Ne6 19. Nh3 Rc2 {0-1 Harriott,T (1802)-Syaputra,A (2247) Titled Tue 16th Jan Early chess.com INT 2024 (1)}) ({RR} 5. Nf3 b6 6. O-O Bb7 7. Nbd2 d6 8. c3 cxd4 9. exd4 Nbd7 10. Qe2 e6 11. b3 Qc7 12. Bb2 O-O 13. Rac1 Rfe8 14. Nc4 b5 15. Ncd2 a6 16. c4 b4 17. Ne4 a5 18. Nfd2 a4 19. Nxf6+ Nxf6 {0-1 Bashirli,S (1608)-Zou,C (2449) Titled Tue 20th Feb Early chess.com INT 2024 (2)}) ({RR} 5. Nf3 cxd4 6. exd4 d5 7. O-O Bg4 8. Nbd2 Nc6 9. Qe1 e6 10. c3 Bxf3 11. Nxf3 O-O 12. b3 Rc8 13. Ba3 Re8 14. Ne5 Nd7 15. Kh1 f5 16. Qe2 Nf6 17. Rg1 Ne4 18. Bxe4 fxe4 19. Rgd1 Bf8 {1-0 Harriott,T (1884)-Padmini,R (2353) Titled Tue 26th Mar Late chess.com INT 2024 (6)}) 5... cxd4 6. exd4 O-O 7. Nf3 d6 8. O-O Nc6 9. Re1 Re8 10. Bc2 Bg4 11. h3 Bxf3 12. Qxf3 Qb6 13. Kh1 Rac8 14. Bb3 e5 15. fxe5 dxe5 16. Bg5 exd4 17. Rxe8+ Rxe8 18. Bxf6 Re1+ 19. Kh2 Qc7+ 20. g3 Bxf6 21. Qxf6 d3 22. Kg2 d2 23. Nxd2 Rxa1 24. Ne4 Ne5 25. Nd6 Re1 26. Ne8 Qc6+ 27. Qxc6 bxc6 28. Nd6 Re2+ 29. Kf1 Rxb2 30. Ne4 Kg7 31. Nf2 a5 32. Nd1 Rd2 33. Nf2 a4 34. Bxa4 Rxa2 35. Bd1 Ra3 36. Ng4 Nxg4 37. Bxg4 f5 38. Be2 Rxc3 39. Kg2 Rc2 40. Kf3 Rxe2 41. Kxe2 Kf6 42. Kd3 Ke5 43. h4 Kd5 0-1

[Event "Estadual de Mestres FEXERJ 2024"]
[Site "Rio de Janeiro"]
[Date "2024.05.30"]
[Round "1"]
[White "Okamura, Milton Kasuo"]
[Black "Cardoso, Rafaela Martins"]
[Result "0-1"]
[WhiteElo "1950"]
[BlackElo "1764"]
[PlyCount "82"]
[GameId "501081799624"]
[EventDate "2024.05.30"]
[EventRounds "6"]
[EventCountry "BRA"]

1. d4 {ChessBase} Nf6 2. c4 g6 3. Nc3 Bg7 4. e4 d6 5. Nf3 O-O 6. Be2 Nbd7 $146 ({RR} 6... e5 7. O-O Nc6 8. d5 Ne7 9. b4 Nd7 10. Nd2 f5 11. c5 Nf6 12. f3 g5 13. Nc4 f4 14. a4 Ng6 15. Ba3 Rf7 16. b5 Bf8 17. b6 axb6 18. cxb6 cxb6 19. Qb3 Ra6 20. Nb5 Ne8 21. Rac1 {0-1 Housieaux,D-Milanovic,V (2210) NED-ch Amsterdam 2013}) 7. O-O e5 8. Be3 a5 9. d5 b6 10. Nd2 Ne8 11. a3 f5 12. f3 f4 13. Bf2 Ndf6 14. b4 h5 15. c5 g5 16. Nc4 bxc5 17. bxc5 g4 18. Rb1 Rf7 19. cxd6 cxd6 20. Bb6 Qe7 21. Nxa5 Bf8 22. Nc6 Qd7 23. a4 Rg7 24. Kh1 h4 25. Rg1 Rg6 26. fxg4 Nxg4 27. h3 Ngf6 28. Bf2 Qh7 29. Qe1 Rg3 30. Bxg3 hxg3 31. Qf1 Ng4 32. Bxg4 Bxg4 33. Rb4 Nf6 34. a5 Bc8 35. Ra4 Ng4 36. Nd1 Nh2 37. Qd3 Bxh3 38. Re1 Nf3 39. gxf3 Bg4+ 40. Kg1 Qh2+ 41. Kf1 Bh3# 0-1

[Event "Estadual de Mestres FEXERJ 2024"]
[Site "Rio de Janeiro"]
[Date "2024.05.30"]
[Round "2"]
[White "Rangel, Daniel"]
[Black "Dias, Matheus Braga"]
[Result "1-0"]
[WhiteElo "2160"]
[BlackElo "1960"]
[PlyCount "81"]
[GameId "501081799628"]
[EventDate "2024.05.30"]
[EventRounds "6"]
[EventCountry "BRA"]

1. d4 Nf6 2. c4 g6 3. Nc3 Bg7 4. e4 d6 5. Nf3 O-O 6. Be2 e5 7. O-O Nc6 8. d5 Ne7 9. b4 a5 10. Ba3 axb4 11. Bxb4 b6 12. a4 Nh5 13. g3 $146 ({RR} 13. a5 bxa5 14. Bxa5 Nf4 15. Bxc7 Rxa1 16. Bxd8 Rxd1 17. Bxe7 Nxe2+ 18. Nxe2 Rxf1+ 19. Kxf1 Ba6 20. Bxf8 Kxf8 21. Nd2 Bh6 22. f4 exf4 23. Nd4 Bg7 24. Nb5 Ke7 25. Kf2 g5 26. Kf3 h5 27. Nb3 Be5 {½-½ Ticona Rocabado,L (2371)-Perdomo,L (2381) Sampa Chess Open 2024 Sao Paulo BRA (5.2)}) 13... f5 14. Ng5 Nf6 15. Bf3 h6 16. Ne6 Bxe6 17. dxe6 c5 18. Ba3 f4 19. Nd5 Nc6 20. Bb2 fxg3 21. hxg3 Kh7 22. Bg2 Re8 23. Nxf6+ Qxf6 24. Bh3 Nd4 25. Bxd4 exd4 26. Qd3 Ra6 27. f4 Rea8 28. e5 dxe5 29. f5 g5 30. Bg2 R8a7 31. Bc6 Rc7 32. Qe4 Kg8 33. g4 Bf8 34. Rae1 Raa7 35. Bb5 Bg7 36. Qd5 Kh8 37. Bd7 Qe7 38. f6 Bxf6 39. Rxf6 Qxf6 40. Rf1 Rxd7 41. exd7 1-0

[Event "Estadual de Mestres FEXERJ 2024"]
[Site "Rio de Janeiro"]
[Date "2024.05.30"]
[Round "2"]
[White "Fernandes, Silas Carvalho"]
[Black "Fernandes, Felipe Gambini"]
[Result "1-0"]
[WhiteElo "2043"]
[BlackElo "1893"]
[PlyCount "73"]
[GameId "501081799631"]
[EventDate "2024.05.30"]
[EventRounds "6"]
[EventCountry "BRA"]

1. Nf3 Nf6 2. d4 b6 3. g3 Bb7 4. Bg2 e6 5. O-O Be7 6. c4 O-O 7. Nc3 d6 8. Qd3 Nbd7 9. Rd1 $146 ({RR} 9. e4 e5 10. d5 Nc5 11. Qc2 a5 12. Be3 Bc8 13. Nh4 Bd7 14. b3 Qc8 15. f4 exf4 16. Bxc5 bxc5 17. Rxf4 Re8 18. Raf1 Ng4 19. Nd1 Bf6 20. Nf5 Bxf5 21. Rxf5 Bd4+ 22. Kh1 Ne5 23. Nf2 f6 {0-1 Mira,H (2021)-Mora Velasco,A (1765) Swiss Queens Wed #3 2024 FIDE Online Arena INT (8.126)}) 9... c5 10. d5 e5 11. Nh4 Re8 12. Nf5 Nf8 13. Bg5 Bc8 14. Nxe7+ Qxe7 15. Ne4 Bf5 16. Bxf6 gxf6 17. Qf3 Bxe4 18. Qxe4 Qd7 19. Qh4 Qf5 20. Be4 Qg5 21. Qh3 Ng6 22. Rd3 h5 23. Kh1 Ne7 24. Bf3 Qf5 25. g4 hxg4 26. Bxg4 Qh7 27. Qg2 Kf8 28. Rh3 Qc2 29. Rh8+ Ng8 30. Rxg8+ Ke7 31. Rxe8+ Rxe8 32. b3 Rg8 33. Qf3 Qb2 34. Rg1 Qxa2 35. Qf5 Rd8 36. Rg3 a5 37. Rf3 1-0

[Event "Estadual de Mestres FEXERJ 2024"]
[Site "Rio de Janeiro"]
[Date "2024.05.30"]
[Round "2"]
[White "Cardoso, Rafaela Martins"]
[Black "Fucs, Paulo Moses"]
[Result "0-1"]
[WhiteElo "1764"]
[BlackElo "1971"]
[PlyCount "54"]
[GameId "501081799633"]
[EventDate "2024.05.30"]
[EventRounds "6"]
[EventCountry "BRA"]

1. e4 e5 2. Nf3 Nc6 3. Bc4 Be7 4. c3 Nf6 5. d3 d6 6. Nbd2 Bg4 $146 ({RR} 6... Na5 7. Bb5+ Bd7 8. Bxd7+ Nxd7 9. Nf1 c5 10. Ne3 Nc6 11. h4 Nf6 12. c4 b5 13. b3 b4 14. Bd2 a5 15. h5 Qc8 16. Nf5 Bf8 17. Bg5 Qe6 18. Ne3 Be7 19. Bxf6 Bxf6 20. Nd5 Bd8 21. Nh4 {1-0 Heron,A (1962)-Ring,R (1817) Bodensee Open 2024 Bregenz AUT (7.24)}) ({RR} 6... O-O 7. Bb3 a5 8. Nf1 Bd7 9. Ng3 b5 10. a4 b4 11. h3 Rb8 12. O-O Qc8 13. Kh2 Qb7 14. Bc4 Nd8 15. Qe2 c5 16. Nh4 Nxe4 17. Nxe4 Bxh4 18. Nxd6 Qc7 19. Ne4 Be6 20. Bb5 Be7 21. Ng5 {1-0 Perske,T (2450)-Hacker,J (2394) Titled Tue 23rd Apr Late chess.com INT 2024 (7)}) 7. h3 Bh5 8. Nf1 O-O 9. Ng3 Bg6 10. O-O Qd7 11. Bb3 Rad8 12. Re1 Kh8 13. d4 exd4 14. cxd4 d5 15. e5 Ne4 16. a3 f5 17. Bf4 Na5 18. Bc2 Nc4 19. Qc1 c5 20. b3 Na5 21. Re2 cxd4 22. Nxd4 Rc8 23. Qe1 b6 24. Re3 Bc5 25. Rd1 Bxd4 26. Bxe4 fxe4 27. Rxd4 Rxf4 0-1

[Event "Estadual de Mestres FEXERJ 2024"]
[Site "Rio de Janeiro"]
[Date "2024.05.30"]
[Round "2"]
[White "Silva, Guilherme de Moura"]
[Black "Guimaraes, Wagner Peixoto"]
[Result "0-1"]
[WhiteElo "1816"]
[BlackElo "2140"]
[PlyCount "76"]
[GameId "501081799634"]
[EventDate "2024.05.30"]
[EventRounds "6"]
[EventCountry "BRA"]

1. e4 e5 2. Nf3 Nc6 3. Bc4 Nf6 4. d3 Bc5 5. Bg5 h6 6. Be3 Bxe3 7. fxe3 d5 8. exd5 Nxd5 9. Qe2 Be6 10. Bxd5 Bxd5 11. e4 Be6 12. Nbd2 Qe7 13. c3 Rd8 14. Nb3 a5 15. O-O a4 16. d4 Bxb3 17. axb3 exd4 18. Nxd4 Nxd4 19. cxd4 Rxd4 20. Rxa4 Rxa4 21. bxa4 Qb4 22. Qg4 O-O 23. Qd7 Qxe4 24. Qxc7 Qd4+ 25. Kh1 Qxb2 26. a5 Qb5 27. Kg1 Qd5 28. Rb1 Re8 29. h3 Re2 30. Qxb7 Rxg2+ 31. Kh1 Qxb7 32. Rxb7 Ra2 33. Ra7 f6 34. a6 Kh7 35. Kg1 Kg6 36. Kh1 h5 37. Ra8 Kg5 38. a7 Kh4 0-1

[Event "Estadual de Mestres FEXERJ 2024"]
[Site "Rio de Janeiro"]
[Date "2024.05.30"]
[Round "2"]
[White "Pereira, Arthur Macedo"]
[Black "Manzi, Luiz Antonio B."]
[Result "1-0"]
[WhiteElo "1902"]
[BlackElo "1975"]
[PlyCount "69"]
[GameId "501081799635"]
[EventDate "2024.05.30"]
[EventRounds "6"]
[EventCountry "BRA"]

1. d4 Nf6 2. c4 e6 3. Nf3 d5 4. Nc3 c6 5. Bg5 Be7 6. e3 Nbd7 7. Qc2 O-O 8. cxd5 exd5 9. Bd3 Re8 10. O-O Nf8 11. h3 Bd7 $146 ({RR} 11... N6d7 12. Bf4 Nb6 13. a4 Be6 14. a5 Nc4 15. a6 b6 16. e4 Ng6 17. Bg3 Rc8 18. Bxc4 dxc4 19. Rfd1 b5 20. d5 cxd5 21. exd5 Bd7 22. d6 Bf6 23. Nd5 Rc5 24. Ra3 Qa8 25. Nc7 Qe4 26. Qd2 {1-0 Mamedyarov,S (2734)-McShane,L (2626) Bundesliga 2023-24 Hannover GER (14.3)}) ({RR} 11... b5 12. Ne5 Bb7 13. a4 b4 14. Ne2 Rc8 15. a5 c5 16. Bf5 Ne6 17. Bxe6 fxe6 18. dxc5 Bxc5 19. Qd3 Qd6 20. Bxf6 gxf6 21. Ng4 Rf8 22. a6 Bc6 23. Nd4 Be8 24. Rfc1 Bg6 25. Qb5 h5 26. Nh2 {1-0 Ambartsumova,K (2418)-Prieto Aranguren,A (2171) Titled Tue 20th Feb Late chess.com INT 2024 (2)}) 12. Rab1 a5 13. a3 Ne4 14. Bxe7 Qxe7 15. b4 axb4 16. axb4 Ra3 17. Bxe4 dxe4 18. Nd2 Bf5 19. Nc4 Raa8 20. b5 Qg5 21. Kh2 Re6 22. Ne2 Rh6 23. Ng3 Re8 24. f4 Qf6 25. bxc6 bxc6 26. Ne5 Bc8 27. Nxe4 Qe7 28. Nc5 Qh4 29. Qf2 Qxf2 30. Rxf2 f6 31. Nc4 f5 32. Rb8 Kf7 33. Ne5+ Ke7 34. Ra2 Rf6 35. Raa8 1-0